Leadership As Masterpiece Creation: What Business Leaders Can Learn From The Humanities About Moral Risk Taking (Record no. 43530)

MARC details
000 -LEADER
fixed length control field 01520cam a22003978i 4500
001 - CONTROL NUMBER
control field 23075709
005 - DATE AND TIME OF LATEST TRANSACTION
control field 20250403143115.0
008 - FIXED-LENGTH DATA ELEMENTS--GENERAL INFORMATION
fixed length control field 230421s2024 mau b 001 0 eng
010 ## - LIBRARY OF CONGRESS CONTROL NUMBER
LC control number 2023019245
020 ## - INTERNATIONAL STANDARD BOOK NUMBER
International Standard Book Number 9780262048965
020 ## - INTERNATIONAL STANDARD BOOK NUMBER
Canceled/invalid ISBN 9780262378406
020 ## - INTERNATIONAL STANDARD BOOK NUMBER
Canceled/invalid ISBN 9780262378413
041 ## - LANGUAGE CODE
Language code of text/sound track or separate title eng
042 ## - AUTHENTICATION CODE
Authentication code pcc
082 00 - DEWEY DECIMAL CLASSIFICATION NUMBER
Classification number 658.4092 SPI
100 1# - MAIN ENTRY--PERSONAL NAME
Author Spinosa, Charles,
245 10 - TITLE STATEMENT
Title Leadership As Masterpiece Creation: What Business Leaders Can Learn From The Humanities About Moral Risk Taking
260 ## - PUBLICATION, DISTRIBUTION, ETC.
Place London
Publisher MIT Press
Publication Year 2024
300 ## - PHYSICAL DESCRIPTION
Extent 276;. pages: 23 cm
504 ## - BIBLIOGRAPHY, ETC. NOTE
Bibliography, etc. note Includes bibliographical references and index.
520 ## - SUMMARY, ETC.
Summary, etc. "An attempt to use the ancient wisdom of the humanities to argue for a moral and aesthetic vision of business leadership"--
650 #0 - SUBJECT ADDED ENTRY--TOPICAL TERM
Subject Leadership.
650 #0 - SUBJECT ADDED ENTRY--TOPICAL TERM
Subject Executive ability
650 #0 - SUBJECT ADDED ENTRY--TOPICAL TERM
Subject Creative ability in business.
700 1# - ADDED ENTRY--PERSONAL NAME
Co-Author Hancocks, Matthew,
700 1# - ADDED ENTRY--PERSONAL NAME
Co-Author Tsoukas, Haridimos,
942 ## - ADDED ENTRY ELEMENTS (KOHA)
Koha item type Books
263 ## - PROJECTED PUBLICATION DATE
Projected publication date 2402
264 #1 - PRODUCTION, PUBLICATION, DISTRIBUTION, MANUFACTURE, AND COPYRIGHT NOTICE
Place of production, publication, distribution, manufacture Cambridge, Massachusetts :
Name of producer, publisher, distributor, manufacturer The MIT Press,
Date of production, publication, distribution, manufacture, or copyright notice [2024]
336 ## - CONTENT TYPE
Content type term text
Content type code txt
Source rdacontent
337 ## - MEDIA TYPE
Media type term unmediated
Media type code n
Source rdamedia
338 ## - CARRIER TYPE
Carrier type term volume
Carrier type code nc
Source rdacarrier
776 08 - ADDITIONAL PHYSICAL FORM ENTRY
Relationship information Online version:
Main entry heading Spinosa, Charles.
Title Leadership as masterpiece creation
Place, publisher, and date of publication Cambridge, Massachusetts : The MIT Press, [2024]
International Standard Book Number 9780262378406
Record control number (DLC) 2023019246
906 ## - LOCAL DATA ELEMENT F, LDF (RLIN)
a 7
b rip
c orignew
d 1
e ecip
f 20
g y-gencatlg
Holdings
Withdrawn status Lost status Source of classification or shelving scheme Damaged status Not for loan Home library Current library Shelving location Accession Date Vendor Price Bill number Total Checkouts Full call number Barcode No Date last seen Discount Bill Date Koha item type Suggested By
    Dewey Decimal Classification     IMTN IMTN Rack 29-B 03/26/2025 Raghav Books Private Limited 2500.00 2374   658.4092 SPI 33810 04/03/2025 30 02/14/2025 Books Dr. Mantha Raghu (Head Librarian)
Designed & Maintained by: LRC IMT Nagpur Contact: lrc@imtnag.ac.in© 2024. All Rights Reserved.